000 00941nam a22002417a 4500
999 _c459
_d459
003 AR-CdUCM
008 190223b ||||| |||| 00| 0 spa d
040 _aMUNICIPALIDAD PROVINCIAL DEL CUSCO
_cBIBLIOTECA MUNICIPAL DEL CUSCO
041 _heng
082 _27ed.
_a848.9 /
_bC85
100 _aCousteau, J. Y.
_91816
245 _aEl mundo silencioso /
_cCousteau, J. Y. ; Dumas, Frederic ; Ribera Jorda, Antonio (traductor)
260 _aBuenos Aires - Argentina :
_bEdiciones selectas,
_c1964.
300 _a233 páginas ;
_bfotografías,
_c20 cm.
505 _aLos hombres pez -- El éxtasis de las profundidades -- Barcos naufragados -- El dirigible submarino -- Jugando con los tiburones ...
650 _aCuentos Franceses.
_91817
650 _aSiglo XX.
_98
650 _aHistoria.
_9136
700 _aDumas, Frederic
_91818
700 _aRibera Jorda, Antonio (traductor)
_91819
942 _2ddc
_cLIBROS
945 _aachl
_d2019-02-23